Biozáhrada - Praktická príručka: Úvod k prírodnému pestovateľstvu s názornými vyobrazeniami /

Saved in:
Bibliographic Details
Main Authors: Brunsová, Annelore (Author), Brunsová, Susanne (Author)
Other Authors: Mudráková, Zita (Translator)
Format: Book
Language:Slovak
German
Published: Praha: Nakladateľstvo PLOT, 2016
Edition:1. vyd.
Subjects:
Tags: Add Tag
No Tags, Be the first to tag this record!

MARC

LEADER 00000nam a22000003a 4500
001 0103092
003 SK-STU
005 20230703093547.9
007 ta
008 230703s ----xo-----e------000-0-----d
020 |a 978-80-7428-289-8 
040 |a STU  |b slo 
041 0 |a slo  |h ger 
044 |a xo 
100 1 |a Brunsová, Annelore  |4 aut 
245 1 0 |a Biozáhrada - Praktická príručka:  |b Úvod k prírodnému pestovateľstvu s názornými vyobrazeniami /  |c aut. Annelore Brunsová, Susanne Brunsová ; prekl. Zita Mudráková 
250 |a 1. vyd. 
260 |a Praha:  |b Nakladateľstvo PLOT,  |c 2016 
300 |a 141 s. 
650 0 7 |a biozáhrada 
700 1 |a Brunsová, Susanne  |4 aut 
700 1 |a Mudráková, Zita  |4 trl 
996 |b 284V037992  |c V* 53526/O-24686  |l VVS  |s A  |a 24  |w 0103092_0001